Southville International School and Colleges
Your cart is empty.
  • Cart
  • Lists
    Public lists Eva Luna New books Lux_list list_1
    Your lists Log in to create your own lists
  • Log in to your account
  • Your cookies
  • Search history
Southville International School and Colleges
  • Advanced search
  • Recent comments
  • Most popular
  • Libraries

Log in to your account

Log in with GOOGLE


If you do not have an external account, but do have a local account, you can still log in:

  1. Home
  2. MARC view: The tangent objective
Normal view MARC view ISBD view

The tangent objective (Record no. 10744)

[ view plain ]
MARC details
000 -LEADER
fixed length control field 01074cam a2200289 i 4500
001 - CONTROL NUMBER
control field 3650688
003 - CONTROL NUMBER IDENTIFIER
control field PILC
005 - DATE AND TIME OF LATEST TRANSACTION
control field 20160128090716.0
008 - FIXED-LENGTH DATA ELEMENTS--GENERAL INFORMATION
fixed length control field 760120s1976 nyu 000 1 eng
010 ## - LIBRARY OF CONGRESS CONTROL NUMBER
LC control number 76000930
020 ## - INTERNATIONAL STANDARD BOOK NUMBER
International Standard Book Number 0399117504
040 ## - CATALOGING SOURCE
Original cataloging agency DLC
Transcribing agency DLC
Modifying agency DLC
-- OCoLC
-- DLC
043 ## - GEOGRAPHIC AREA CODE
Geographic area code f------
050 00 - LIBRARY OF CONGRESS CALL NUMBER
Classification number PZ 4.S19465
Item number .Sa194 1976
082 00 - DEWEY DECIMAL CLASSIFICATION NUMBER
Classification number FIC
Item number Sa5t 1976
100 1# - MAIN ENTRY--PERSONAL NAME
Personal name Sanders, Lawrence,
Dates associated with a name 1920-
9 (RLIN) 17526
245 14 - TITLE STATEMENT
Title The tangent objective
Statement of responsibility, etc Lawrence Sanders.
260 ## - PUBLICATION, DISTRIBUTION, ETC. (IMPRINT)
Place of publication, distribution, etc New York :
Name of publisher, distributor, etc Putnam,
Date of publication, distribution, etc c1976.
300 ## - PHYSICAL DESCRIPTION
Extent 312 p. ;
Dimensions 22 cm.
520 ## - SUMMARY, ETC.
Summary, etc As the corrupt and strife-torn African nation of Asante teeters on the brink of savage revolt, the lives of two men -- one white, one black are caught tip in an explosive maelstrom of money, politics, intrigue and violent reaction.
651 #0 - SUBJECT ADDED ENTRY--GEOGRAPHIC NAME
Geographic name Africa
General subdivision Politics and government
Form subdivision Fiction.
9 (RLIN) 17527
655 #7 - INDEX TERM--GENRE/FORM
Genre/form data or focus term Detective and mystery stories.
Source of term gsafd
9 (RLIN) 3472
655 #7 - INDEX TERM--GENRE/FORM
Genre/form data or focus term Political fiction.
Source of term lcsh
9 (RLIN) 1888
906 ## - LOCAL DATA ELEMENT F, LDF (RLIN)
a 7
b cbc
c orignew
d 1
e ocip
f 19
g y-gencatlg
942 ## - ADDED ENTRY ELEMENTS (KOHA)
Source of classification or shelving scheme Library of Congress Classification
Koha item type Books
Holdings
Withdrawn status Lost status Source of classification or shelving scheme Damaged status Home library Current library Shelving location Date acquired Source of acquisition Total Checkouts Full call number Barcode Date last seen Copy number Price effective from Koha item type
    Library of Congress Classification   Luxembourg Library Luxembourg Library Fiction Section 09/09/2013 Donation   PZ 4 .S19465 .Sa194 1976 2403 09/09/2013 1 09/09/2013 Books

The tangent objective

APA

Sanders L., . (1976). The tangent objective. New York: Putnam.

Chicago

Sanders Lawrence, . 1976. The tangent objective. New York: Putnam.

Harvard

Sanders L., . (1976). The tangent objective. New York: Putnam.

MLA

Sanders Lawrence, . The tangent objective. New York: Putnam. 1976.

  • Place hold
  • Print
  • Cite
  • Add to your cart (remove)
  • Save record
    BIBTEX Dublin Core MARCXML MARC (non-Unicode/MARC-8) MARC (Unicode/UTF-8) MARC (Unicode/UTF-8, Standard) MODS (XML) RIS
  • More searches
    Search for this title in:
    Other Libraries (WorldCat) Other Databases (Google Scholar) Online Stores (Bookfinder.com) Open Library (openlibrary.org)

Exporting to Dublin Core...

SOUTHVILLE LIBRARY

Southville International School and Colleges Library

1281 Tropical Ave. Cor. Luxembourg St., BF Homes International, Las Pinas City

Tel. No. 8256374 / 252358 Loc. 117/146

Powered by Koha